The therminic vacuum tu be and its applications
Salvato in:
| Autore principale: | |
|---|---|
| Natura: | Libro |
| Lingua: | Undetermined |
| Pubblicazione: |
New York
McGraw-Hill Book Company
1920
|
| Soggetti: | |
| Tags: |
Aggiungi Tag
Nessun Tag, puoi essere il primo ad aggiungerne! !
|
| Thư viện lưu trữ: | Trung tâm Học liệu Trường Đại học Cần Thơ |
|---|
| LEADER | 00516nam a2200181Ia 4500 | ||
|---|---|---|---|
| 001 | CTU_83543 | ||
| 008 | 210402s9999 xx 000 0 und d | ||
| 082 | |a 384.1 | ||
| 082 | |b B594 | ||
| 100 | |a Bijl, H. J. van Der | ||
| 245 | 4 | |a The therminic vacuum tu be and its applications | |
| 245 | 0 | |c H. J. van Der Bijl | |
| 260 | |a New York | ||
| 260 | |b McGraw-Hill Book Company | ||
| 260 | |c 1920 | ||
| 650 | |a Telegraph, wireless | ||
| 904 | |i Qhieu(sửa) | ||
| 980 | |a Trung tâm Học liệu Trường Đại học Cần Thơ | ||